Queen Beatrix Int. Airport Destinations (Oranjestad, Aruba) - Statistics

General Stats
  • This quiz has been taken 74 times
    26 since last reset
  • The average score is 28 of 36
Answer Stats
Airline Destination % Correct
United Airlines Houston (Intercontinental)
100%
Delta Air Lines/JetBlue New York (JFK)
100%
American Airlines New York (LaGuardia)
100%
KLM/TUI fly Netherlands Amsterdam
95%
Delta Air Lines/JetBlue Boston
95%
American Airlines/Surinam Airways Miami
95%
Delta Air Lines/Frontier Airlines Atlanta
90%
Aerolíneas Argentinas Buenos Aires (Ezeiza)
90%
American Airlines Charlotte
90%
American Airlines/United Airlines Chicago (O'Hare)
90%
American Airlines Dallas/Fort Worth
90%
LATAM Perú Lima
90%
British Airways London (Gatwick)
90%
Southwest Airlines Baltimore
86%
JetBlue/United Airlines Newark
86%
Air Canada Rouge/WestJet Toronto (Pearson)
86%
United Airlines Washington (Dulles)
86%
Avianca/Avianca Ecuador/LATAM Colombia/Wingo Bogotá
81%
Southwest Airlines Orlando
81%
Copa Airlines Panama City (Tocumen)
81%
Surinam Airways Paramaribo
81%
American Airlines Philadelphia
81%
Divi Divi Air/Winair/Z Air Curaçao
76%
Delta Air Lines/Sun Country Airlines Minneapolis/St. Paul
76%
Gol Linhas Aéreas São Paulo (Guarulhos)
76%
Z Air Bonaire
71%
Air Century Santo Domingo (La Isabela)
71%
Arajet/Sky High Santo Domingo (Las Américas)
71%
British Airways Antigua
67%
JetBlue/Spirit Airlines Fort Lauderdale
62%
Wingo Cali
57%
Wingo Medellín (JMC)
57%
Aerolíneas Argentinas Córdoba (AR)
52%
Aerolíneas Argentinas Mendoza
52%
Winair St. Maarten
43%
Air Century Punta Cana
38%
No matching quizzes found
Score Distribution
Percent of People with Each Score
Percentile by Number Answered
Your Score History
You have not taken this quiz since the last reset